Library of the University of Algiers 3
Ibrahim Sultan Cheibout
شعار جامعة الجزائر 3
مكتبة جامعة الجزائر 3
إبراهيم سلطان شيبوط

الأزمات المالية العالمية وضرورة إصلاح صندوق النقد الدولي / (رقم التسجيلة. 46286)

تفاصيل مارك
000 -LEADER
fixed length control field 00925nam a2200205Ia 4500
003 - CONTROL NUMBER IDENTIFIER
control field Ost
005 - DATE AND TIME OF LATEST TRANSACTION
control field 20260507075802.0
008 - FIXED-LENGTH DATA ELEMENTS--GENERAL INFORMATION
fixed length control field 260507s9999||||xx |||||||||||||| ||und||
020 ## - INTERNATIONAL STANDARD BOOK NUMBER
International Standard Book Number 9961734756
040 ## - CATALOGING SOURCE
Transcribing agency fsecg
041 ## - LANGUAGE CODE
Language code of text/sound track or separate title ara
082 ## - DEWEY DECIMAL CLASSIFICATION NUMBER
Classification number 338.54
100 ## - MAIN ENTRY--PERSONAL NAME
Personal name بوعون يحياوي، نصيرة
Relator term مؤلف
245 #0 - TITLE STATEMENT
Title الأزمات المالية العالمية وضرورة إصلاح صندوق النقد الدولي /
Statement of responsibility, etc. نصيرة بوعون يحياوي
260 ## - PUBLICATION, DISTRIBUTION, ETC.
Place of publication, distribution, etc. الجزائر :
Name of publisher, distributor, etc. الصفحات الزرقاء,
Date of publication, distribution, etc. 2011
300 ## - PHYSICAL DESCRIPTION
Extent 99 صفحة؛
Other physical details إيضاحات ؛
Dimensions 24 سم
520 ## - SUMMARY, ETC.
Summary, etc. تناول جذور الأزمة المالية الحالية ، الأزمة المالية الراهنة جذورها وتداعياتها، أفاق وحلول الأزمة المالية العالمية الراهنة.
653 ## - INDEX TERM--UNCONTROLLED
Uncontrolled term الأزمات الاقتصادية
942 ## - ADDED ENTRY ELEMENTS (KOHA)
Koha item type كتب
المقتنيات
Withdrawn status Lost status Source of classification or shelving scheme Damaged status Not for loan Home library Current library Date acquired Serial enumeration / chronology Inventory number Total checkouts Full call number Barcode Date last seen Price effective from Koha item type
    Library of Congress Classification   NOT LOAN / إعارة داخلية مكتبة كلية العلوم الإقتصادية والعلوم التجارية وعلوم التسيير مكتبة كلية العلوم الإقتصادية والعلوم التجارية وعلوم التسيير 07/05/2026 الطابق الأرضي 025.21/540   489/025.21ن01 025.21/540 07/05/2026 07/05/2026 كتب

موارد الويب المفتوحة


© University of Algiers 3 All Rights Reserved
|
Implemented by LECHELAH Riad